000 00895nam a22002417a 4500
003 OSt
005 20251203144948.0
008 251203b |||||||| |||| 00| 0 eng d
020 _a9789710649761
040 _aDWCL - Main
_cOC
082 _aRes. 899.211 B163p 2022
100 _aBaisa-Julian, Ailene G.
_eAuthor
245 _aPinagyamang pluma :
_bwika at panitikan sa mataas na paaralan 8 /
_cAilene G. Baisa-Julian [and three others]
250 _a3rd edition
260 _aQuezon City, Philippines:
_bPhoenix Publishing House,
_cc2022
300 _axi, 642 pages:
_billustrations;
_c25 cm.
504 _aIncludes bibliographical references and index
650 _a1. Filipino -- Study and teaching.
700 _aI. Lontoc, Nestor S.
_eAuthor
700 _aII. Del Rosario, Mary Grace G.
_eAuthor
700 _aIII. Dayag, Alma M.
_eAuthor-Coordinator
942 _2ddc
_cBK-0 CIRC
_n0
999 _c6772
_d6772